Economic History of India

Αποθηκεύτηκε σε:
Λεπτομέρειες βιβλιογραφικής εγγραφής
Κύριος συγγραφέας: Tirthankar Roy
Μορφή: Βιβλίο
Έκδοση: Routledge/manohar
Θέματα:
Ετικέτες: Προσθήκη ετικέτας
Δεν υπάρχουν, Καταχωρήστε ετικέτα πρώτοι!

MARC

LEADER 00000nam a2200000Ia 4500
005 20260427112730.0
526 |b Economics 
100 |a Tirthankar Roy 
020 |a 9781032708164 
650 |a Economic History 
526 |a Bachelors 
942 |c BK 
245 |a Economic History of India 
260 |b Routledge/manohar 
999 |c 128  |d 128 
952 |0 0  |1 0  |4 0  |7 0  |8 1  |a BRISTOL  |b BRISTOL  |d 2026-04-22  |l 0  |p 000013  |r 2026-04-27 11:27:30  |w 2026-04-27  |y BK